| 000 | 00523nam a22001817a 4500 | ||
|---|---|---|---|
| 005 | 20251108172536.0 | ||
| 008 | 250721s9999 xx 000 0 ara d | ||
| 082 | 1 | 4 | _a747.9/أثا |
| 245 | 1 | 0 | _aأثاث الحدائق والشرفات / |
| 264 | 1 |
_aبيروت : _bالدار العربية للعلوم، |
|
| 300 | _a95 ص | ||
| 490 | 0 | _aسلسلة كتب الديكور | |
| 650 | 1 | 7 | _aالديكور |
| 650 | 1 | 7 | _aالحدائق المنزلية |
| 650 | 1 | 7 | _aالأثاث |
| 942 |
_2ddc _cBK |
||
| 999 |
_c82068 _d82068 |
||